| 000 | 02206cam a22004694i 4500 | ||
|---|---|---|---|
| 003 | PE-LiUPU | ||
| 005 | 20250731173124.0 | ||
| 008 | 150623s r 000 0 d | ||
| 020 | _a0801025192 | ||
| 035 | _a(Sirsi) i9780801025198 | ||
| 040 |
_aPE-LiUPU _bspa _cPE-LiUPU _erda |
||
| 049 | _aPRUA | ||
| 082 | 0 | 4 |
_a231.4 _bC84 _221 |
| 100 | 1 |
_aCraig, William Lane, _eautor. |
|
| 245 | 1 | 4 |
_aThe only wise God : _bthe compatibility of divine foreknowledge and human freedom / _cWilliam Lane Craig. |
| 264 | 1 |
_aGrand Rapids, Michigan : _bBaker Book House, _c1987. |
|
| 300 |
_a157 páginas : _bilustraciones, cuadros ; _c21 centímetros |
||
| 336 |
_atext _2rdacontent |
||
| 337 |
_aunmediated _2rdamedia |
||
| 338 |
_avolume _2rdacarrier |
||
| 504 | _aIncluye bibliografía. | ||
| 505 | 0 | _aThe doctrine of divine foreknowledge: God's knowledg of the present, past, and future. Two denials of the biblical doctrine. The compatibility of divine foreknowledge and human freedom: The argument for theological fatalism. Three unsuccessful attempts to escape fatalism. Theological fatalism rejected. The necessity of the past. Rejection of fatalism in other fields: backward causation. Rejection of fatalism in other fields: time travel. Rejection of fatalism in other fields: precognition. Rejection of fatalism in other fields: newcomb's paradox. The basis of divine foreknowledge: Innate knowlege. Middle knowledge. Dios-Atributos. | |
| 526 | _aSEG42 | ||
| 526 | _aSEG41 | ||
| 526 | _aSEG40 | ||
| 526 | _aSEG39 | ||
| 526 | _aP94 | ||
| 526 | _aP87 | ||
| 526 | _aP86 | ||
| 526 | _aP85 | ||
| 526 | _aP77 | ||
| 526 | _aP76 | ||
| 526 | _aP35 | ||
| 650 | 0 | 4 |
_aDios _xOmnisciencia. |
| 650 | 0 | 4 |
_aLibertad _xAspectos religiosos (Cristianismo). |
| 942 |
_2ddc _cBOOK |
||
| 949 |
_a231.4 C84 _wDEWEY _c1 _i51109 _lCCODEBUL1 _mBUL _p8.00 _r0 _sY _tBOOK _u2015-6-24 _xTEOLOGIA _PP35 _0COMPRA _o.STAFF. Colección General |
||
| 994 |
_aC0 _bPEPRU |
||
| 596 | _a1 | ||
| 999 |
_a231.4 C84 _wDEWEY _c32804 _i51109 _f2021-11-9 _g4 _lCCODEBUL1 _mBUL _p8.00 _r0 _sY _tBOOK _u2015-6-24 _xTEOLOGIA _PP35 _0COMPRA _o.STAFF. Colección General _d32804 |
||
| 980 |
_81 _gALBERTO SANCHEZ Responsable de Automatización |
||